| 000 -ლიდერი |
| ფიქსირებული სიგრძის საკონტროლო ველი |
01438nam a22001937a 4500 |
| 003 - საკონტროლო ნომრის იდენტიფიკატორი |
| საკონტროლო ველი |
Ge_BSU |
| 005 - ბოლო ოპერაციის თარიღი და დრო |
| საკონტროლო ველი |
20190523155549.0 |
| 008 - ფიქსირებული სიგრძის მონაცემთა ელემენტები - ზოგადი ინფორმაცია |
| ფიქსირებული სიგრძის საკონტროლო ველი |
190523b2017 ge ||||| |||| 00| 0 geo d |
| 041 ## - ენის კოდი |
| Language code of text/sound track or separate title |
geo |
| 080 ## - უნივერსალური ათობითი კლასიფიკაციის ინდექსი |
| Universal Decimal Classification number |
338.48 (479.22) (063) ტ-92 |
| 245 ## - ცნობა სათაურის შესახებ |
| Title |
ტურიზმი : ეკონომიკა და ბიზნესი : VI საერთაშორისო სამეცნიერო-პრაქტიკული კონფერენცია, ბათუმი, 10-11 ივნისი, 2017 : პროგრამა / |
| 264 ## - წარმოების, გამოცემის, დისტრიბუციის და სხვა ცნობები |
| გამოცემის, წარმოების, დისტრიბუციის... ადგილი |
ბათუმი, თბილისი : |
| გამოცემის, წარმოების, დისტრიბუციის... სახელწოდება |
უნივერსალი, |
| გამოცემის, წარმოების, დისტრიბუციის... თარიღი |
2017. |
| 300 ## - ფიზიკური აღწერა |
| Extent |
28 გვ. : |
| Dimensions |
20 სმ. |
| 546 ## - LANGUAGE NOTE |
| Language note |
თავფურცლის მე-2 გვერდი ინგლ. ენაზე. ყდა ქართ. და ინგლ. ენებზე. |
| 653 ## - INDEX TERM--UNCONTROLLED |
| Uncontrolled term |
საქართველოს ტურიზმის ეკონომიკა -- კონფერენციები |
| 653 ## - INDEX TERM--UNCONTROLLED |
| Uncontrolled term |
ბიზნესი საქართველოში -- კონფერენციები |
| 710 ## - ADDED ENTRY--CORPORATE NAME |
| Relator term |
ბათუმის შოთა რუსთაველის სახელმწ. უნ-ტი. ტურიზმის ფაკ-ტი. აჭარის არ ტურიზმისა და კურორტების დეპარტამენტი |
| 9 (RLIN) |
1536 |
| 942 ## - ADDED ENTRY ELEMENTS (KOHA) |
| Source of classification or shelving scheme |
|
| Koha item type |
წიგნი |